[Event "Druzynowe Mistrzostwa Polski - II liga"]
[Site "Dom Wczasowy VIS Jastrzebia Gora"]
[Date "1899-12-30"]
[Round "8.1"]
[White "Pakleza, Zbigniew"]
[Black "Lubczynski, Rafal"]
[Result "1-0"]
[WhiteTitle "GM"]
[BlackTitle "IM"]
[WhiteElo "2499"]
[BlackElo "2413"]

1. e4 e5 2. Nf3 Nc6 3. d4 exd4 4. Nxd4 Bc5 5. Be3 Qf6 6. c3 Nge7 7. Bc4 b6 8. O-O
Qg6 9. Nxc6 Nxc6 10. Bxc5 bxc5 11. Qd5 Rb8 12. Na3 O-O 13. b3 Re8 14. f4 Na5 15.
f5 Qf6 16. Qxc5 Nxc4 17. Nxc4 Ba6 18. e5 Qg5 19. Rae1 h5 20. Qxc7 Rec8 21. Qxd7
Bxc4 22. bxc4 Rd8 23. Qxa7 Rb2 24. Rf2 Rdd2 25. Rxd2 Qxd2 26. Qa8+ Kh7 27. Qe4
Qf2+ 28. Kh1 h4 29. h3 Qg3 30. Rf1 Rf2 31. Rxf2 Qxf2 32. e6 fxe6 33. fxe6+ 1-0

[Event "Druzynowe Mistrzostwa Polski - II liga"]
[Site "Dom Wczasowy VIS Jastrzebia Gora"]
[Date "1899-12-30"]
[Round "8.2"]
[White "Kuegel, Tobias"]
[Black "Czarnota, Pawel"]
[Result "1/2-1/2"]
[WhiteTitle "FM"]
[BlackTitle "GM"]
[WhiteElo "2297"]
[BlackElo "2505"]

1. e4 c5 2. Nf3 d6 3. d4 cxd4 4. Nxd4 Nf6 5. f3 e5 6. Nb3 Be7 7. c4 a5 8. Nc3 a4
9. Nd2 Qa5 10. Ndb1 Nbd7 11. Be3 O-O 12. Qd2 Nc5 13. Be2 Be6 14. O-O Rfc8 15.
Na3 Nfd7 16. Rfb1 Qb4 17. Nc2 Qb6 18. Nb5 f5 19. b4 axb3 20. axb3 Rxa1 21. Nxa1
Bg5 22. Bxg5 Nxe4+ 23. Qe3 Nxg5 24. Qxb6 Nxb6 25. Nxd6 Rc7 26. Bd3 g6 27. Re1
Nd7 28. f4 Nf7 29. Nxf7 Kxf7 30. fxe5 Rc5 31. Nc2 Nxe5 32. Bf1 Kf6 33. Nd4 Rc8
34. Ra1 Rd8 35. Nxe6 1/2-1/2

[Event "Druzynowe Mistrzostwa Polski - II liga"]
[Site "Dom Wczasowy VIS Jastrzebia Gora"]
[Date "1899-12-30"]
[Round "8.3"]
[White "Turski, Bartlomiej"]
[Black "Dubinski, Mateusz"]
[Result "1-0"]
[WhiteTitle "FM"]
[BlackTitle "FM"]
[WhiteElo "2380"]
[BlackElo "2250"]

1. e4 c5 2. Nf3 d6 3. d4 cxd4 4. Nxd4 Nf6 5. Nc3 a6 6. Be3 e5 7. Nf3 Be7 8. Bc4
Nc6 9. O-O h6 10. Nh4 Na5 11. Bd5 g6 12. Nf3 Kf8 13. h3 Qc7 14. Nd2 Be6 15. f4
Bxd5 16. fxe5 dxe5 17. exd5 Kg7 18. Qf3 Raf8 19. Rad1 b5 20. Nde4 Nxe4 21. Nxe4
Nc4 22. d6 Nxd6 23. Nxd6 f5 24. Qd5 Rf6 25. Nb7 Rc6 26. Na5 Rxc2 27. Qe6 Rd8 28.
Rxd8 Bxd8 29. Rd1 Kh8 30. Qe8+ 1-0

[Event "Druzynowe Mistrzostwa Polski - II liga"]
[Site "Dom Wczasowy VIS Jastrzebia Gora"]
[Date "1899-12-30"]
[Round "8.4"]
[White "Mazurkiewicz, Michal"]
[Black "Kukula, Pawel"]
[Result "1-0"]
[WhiteTitle "CM"]
[BlackTitle "m"]
[WhiteElo "2159"]
[BlackElo "2133"]

1. e4 c5 2. Nf3 Nc6 3. g3 d6 4. Bg2 g6 5. d3 Bg7 6. O-O e5 7. Nc3 Nge7 8. Nd2 Be6
9. Nc4 O-O 10. Nd5 Qd7 11. a4 Nb4 12. Nxe7+ Qxe7 13. c3 Nc6 14. a5 Qd7 15. Qa4
Rad8 16. a6 b6 17. f4 d5 18. Ne3 dxe4 19. dxe4 Na5 20. f5 Qxa4 21. Rxa4 Bb3 22.
Ra3 f6 23. Re1 Bf7 24. b4 Nb3 25. fxg6 hxg6 26. Nd5 Bxd5 27. exd5 Nxc1 28. Rxc1
Bh6 29. Re1 Bd2 30. Re4 Rxd5 31. Re2 Rd3 32. bxc5 bxc5 33. Rb3 Bxc3 34. Rb7 Rd1+
35. Bf1 Bd4+ 36. Kg2 c4 37. Re4 Rd2+ 38. Kh3 Rc8 39. Rh4 f5 40. Rhh7 e4 41. Rhd7
c3 42. Bc4+ Kf8 43. Rf7+ Ke8 44. Bb5+ Kd8 45. Rf8# 1-0

[Event "Druzynowe Mistrzostwa Polski - II liga"]
[Site "Dom Wczasowy VIS Jastrzebia Gora"]
[Date "1899-12-30"]
[Round "8.5"]
[White "Krupa, Monika"]
[Black "Majdan, Joanna"]
[Result "1-0"]
[WhiteTitle "WGM"]
[BlackTitle "WGM"]
[WhiteElo "2140"]
[BlackElo "2307"]

1. e4 c5 2. Nf3 Nc6 3. Bb5 e5 4. c3 a6 5. Bxc6 dxc6 6. Nxe5 Qg5 7. Nf3 Qxg2 8.
Rg1 Qh3 9. Rg3 Qe6 10. d3 c4 11. Nd4 Qe7 12. dxc4 Nf6 13. Bg5 h6 14. Bxf6 Qxf6
15. e5 Qh4 16. Nd2 c5 17. N4f3 Qf4 18. Qb3 g5 19. O-O-O Be7 20. Re1 h5 21. Re4
Qf5 22. e6 Bxe6 23. Qxb7 Rd8 24. Ne5 Qxf2 25. Qc6+ Kf8 26. Nd3 Qxh2 27. Nf1 Qxg3
28. Nxg3 Rxd3 29. Qc7 Rf3 30. Re1 h4 31. Ne4 h3 32. Nxc5 h2 33. Nxe6+ fxe6 34.
Qc8+ Kg7 35. Qxe6 h1=Q 36. Qxe7+ Kg6 37. Qe4+ Kg7 38. Qb7+ Kg6 39. Qc6+ Kg7 40.
Qd7+ Kg6 41. Rxh1 Rxh1+ 42. Kc2 Rh2+ 43. Kb3 Rff2 44. c5 Rxb2+ 45. Kc4 Rh4+ 46.
Kd3 Rh7 47. Qd6+ Kf5 48. Qd5+ Kf6 49. Qd4+ Kg6 50. c6 Kh5 51. Qe4 Rc7 52. Qe8+
Kh4 53. Qh8+ Kg4 54. Qd8 1-0

[Event "Druzynowe Mistrzostwa Polski - II liga"]
[Site "Dom Wczasowy VIS Jastrzebia Gora"]
[Date "1899-12-30"]
[Round "8.7"]
[White "Dobrowolski, Piotr"]
[Black "Kumala, Aleksander"]
[Result "1-0"]
[WhiteTitle "IM"]
[BlackTitle "CM"]
[WhiteElo "2424"]
[BlackElo "2175"]

1. d4 d5 2. c4 e6 3. Nc3 Bb4 4. e3 Nf6 5. a3 Bxc3+ 6. bxc3 O-O 7. cxd5 exd5 8.
Bd3 b6 9. Ne2 Ba6 10. Bxa6 Nxa6 11. f3 Qd7 12. O-O c5 13. Ng3 Rfe8 14. Ra2 Nb8
15. Re2 Nc6 16. Bb2 Rad8 17. Qd3 h6 18. Rd1 c4 19. Qc2 h5 20. Bc1 h4 21. Nh1 Ne7
22. Nf2 Ng6 23. e4 dxe4 24. fxe4 Nh5 25. Nh3 Qg4 26. Rf1 f6 27. Rf3 Ne7 28. Qa4
Qe6 29. Qb5 g5 30. Nxg5 fxg5 31. Qxg5+ Ng7 32. Rf6 Qd7 33. Qxh4 Nef5 34. Qf2 Nd6
35. e5 Qa4 36. Bh6 Nh5 37. Rxd6 Rxd6 38. exd6 Qd1+ 39. Qf1 Qxe2 40. Qxe2 Re5 41.
Qe3 Rxe3 42. d7 Re2 43. d8=Q+ Kf7 44. Qc7+ Nf6 1-0

[Event "Druzynowe Mistrzostwa Polski - II liga"]
[Site "Dom Wczasowy VIS Jastrzebia Gora"]
[Date "1899-12-30"]
[Round "8.8"]
[White "Cajbel, Maciej"]
[Black "Luberanski, Jakub"]
[Result "0-1"]
[WhiteTitle "k"]
[BlackTitle "FM"]
[WhiteElo "2196"]
[BlackElo "2211"]

1. c4 c6 2. e4 d5 3. exd5 cxd5 4. d4 Nf6 5. Nc3 Nc6 6. Nf3 Bg4 7. cxd5 Nxd5 8.
Qb3 Bxf3 9. gxf3 e6 10. Qxb7 Nxd4 11. Bb5+ Nxb5 12. Qxb5+ Qd7 13. Qxd7+ Kxd7 14.
Nxd5 exd5 15. Be3 Bd6 16. O-O-O Kc6 17. Rd3 Be5 18. Kb1 Rhd8 19. Rc1+ Kd6 20.
h3 Rd7 21. f4 Bf6 22. Rcd1 Ke6 23. f5+ Ke5 24. Bd4+ Ke4 25. Bxf6 gxf6 26. Rd4+
Ke5 27. b4 Rg8 28. R1d2 Rg1+ 29. Kb2 Rh1 30. h4 Rh3 31. a4 Rf3 32. b5 Rxf5 33.
Kc3 Rf3+ 34. Kb4 Rxf2 35. Rxd5+ Rxd5 36. Rxf2 Rd4+ 37. Ka5 f5 38. Ra2 f4 39. b6
axb6+ 40. Kxb6 f3 41. a5 Kf4 42. a6 Kg3 43. a7 Rd8 44. Rd2 Rf8 45. Rd5 h6 46.
Rf5 f2 47. Rf6 Kg2 48. Rxf7 f1=Q 0-1

[Event "Druzynowe Mistrzostwa Polski - II liga"]
[Site "Dom Wczasowy VIS Jastrzebia Gora"]
[Date "1899-12-30"]
[Round "8.9"]
[White "Madej, Marek"]
[Black "Kasperek, Ryszard"]
[Result "1/2-1/2"]
[WhiteTitle "I++"]
[BlackTitle "m"]
[WhiteElo "2035"]
[BlackElo "2083"]

1. e4 c5 2. Nf3 e6 3. d4 cxd4 4. Nxd4 a6 5. c4 Nf6 6. Nc3 Bb4 7. Qd3 d5 8. cxd5
exd5 9. exd5 Nxd5 10. Be2 O-O 11. O-O Nc6 12. Nxc6 bxc6 13. Nxd5 Qxd5 14. Qxd5
cxd5 15. Bf3 Be6 16. Rd1 Rac8 17. a3 Be7 18. Be3 Bf6 19. Bd4 Rc2 20. Bxf6 gxf6
21. b4 Rfc8 22. Bxd5 Bxd5 23. Rxd5 Ra2 1/2-1/2

[Event "Druzynowe Mistrzostwa Polski - II liga"]
[Site "Dom Wczasowy VIS Jastrzebia Gora"]
[Date "1899-12-30"]
[Round "8.10"]
[White "Puczylowski, Marcin"]
[Black "Topola, Rafal"]
[Result "1-0"]
[WhiteTitle "k"]
[BlackTitle "I"]
[WhiteElo "2106"]
[BlackElo "2006"]

1. e4 c6 2. d4 d5 3. e5 Bf5 4. Nf3 e6 5. Be2 Nd7 6. Nbd2 Ne7 7. Nb3 h6 8. a4 Bh7
9. a5 a6 10. c3 Nf5 11. O-O c5 12. c4 dxc4 13. Bxc4 cxd4 14. Nbxd4 Rc8 15. Qa4
Qc7 16. Bf4 Nxd4 17. Nxd4 g5 18. Be3 Bc2 19. b3 Be4 20. Nxe6 fxe6 21. Bxe6 Qc6
22. Rfc1 Nc5 23. Rxc5 Bxc5 24. Bxc8 Bxe3 25. fxe3 Kd8 26. Bg4 Qxa4 27. Rxa4 Bc6
28. Rd4+ Kc7 29. Rd6 Re8 30. Re6 h5 31. Rxe8 Bxe8 32. Bf3 b6 33. b4 bxa5 34. bxa5
Kd8 35. Be2 1-0

[Event "Druzynowe Mistrzostwa Polski - II liga"]
[Site "Dom Wczasowy VIS Jastrzebia Gora"]
[Date "1899-12-30"]
[Round "8.11"]
[White "Smietanska, Wiktoria"]
[Black "Kasperek, Joanna"]
[Result "1-0"]
[WhiteTitle "CM"]
[BlackTitle "k++"]
[WhiteElo "1851"]
[BlackElo "2031"]

1. e4 c5 2. Nf3 e6 3. d4 cxd4 4. Nxd4 a6 5. Nc3 Qc7 6. Bd3 Nc6 7. Be3 Nf6 8. O-O
Be7 9. Qe2 h5 10. h3 h4 11. a3 d6 12. Rad1 Bd7 13. Qd2 Nxd4 14. Bxd4 Bc6 15. Rfe1
Rg8 16. f4 Nh5 17. Bf2 g5 18. f5 Nf4 19. Bf1 e5 20. Be2 Rc8 21. Bg4 Rd8 22. Be3
b5 23. Qf2 Qb7 24. Rd2 b4 25. axb4 Qxb4 26. Bxf4 gxf4 27. Nd5 Bxd5 28. c3 Qb3
29. Rxd5 Rb8 30. Rd2 Bd8 31. Kh1 Qb6 32. Qe2 Rc8 33. Red1 Rc6 34. Rd5 Bc7 35.
Qc2 f6 36. Qe2 Ke7 37. Ra1 Ra8 38. Bh5 Rg8 39. Bg6 Rg7 40. Rd2 Qe3 41. Qxe3 fxe3
42. Re2 Rg8 43. Rxe3 a5 44. g3 Bb6 45. Re2 Rh8 46. Kg2 Rc4 47. Ra3 a4 48. Kf3
hxg3 49. Kxg3 Rb8 50. Kg2 Bc5 51. Ra2 Rb3 52. h4 d5 53. h5 d4 54. h6 dxc3 55.
h7 Rb8 56. bxc3 a3 57. Rac2 Rh8 58. Kf3 Kf8 59. Red2 Kg7 60. Rd7+ Kh6 61. Rh2+
1-0

[Event "Druzynowe Mistrzostwa Polski - II liga"]
[Site "Dom Wczasowy VIS Jastrzebia Gora"]
[Date "1899-12-30"]
[Round "8.12"]
[White "Szustakowski, Antoni"]
[Black "Sapis, Witalis"]
[Result "1/2-1/2"]
[WhiteTitle "FM"]
[BlackTitle "IM"]
[WhiteElo "2311"]
[BlackElo "2378"]

1. Nf3 d5 2. g3 Nf6 3. Bg2 c6 4. c4 Bf5 5. O-O e6 6. Qb3 Qb6 7. d3 Nbd7 8. cxd5
exd5 9. Qc2 Qc5 10. Qb3 Qb6 11. Qc2 1/2-1/2

[Event "Druzynowe Mistrzostwa Polski - II liga"]
[Site "Dom Wczasowy VIS Jastrzebia Gora"]
[Date "1899-12-30"]
[Round "8.13"]
[White "Karwowski, Kacper"]
[Black "Paprocki, Antoni"]
[Result "0-1"]
[WhiteTitle "CM"]
[BlackTitle "k"]
[WhiteElo "2216"]
[BlackElo "2074"]

1. d4 Nf6 2. Nf3 e6 3. c4 b6 4. a3 Ba6 5. Qc2 Bb7 6. Nc3 c5 7. Bg5 Bxf3 8. gxf3
cxd4 9. Nb5 Nc6 10. Rd1 Bc5 11. b4 Be7 12. Nxd4 Nxd4 13. Rxd4 a5 14. Bd2 axb4
15. Bxb4 Bxb4+ 16. axb4 Qe7 17. Qb2 Ra4 18. c5 bxc5 19. bxc5 Rxd4 20. Qxd4 O-O
21. Bg2 Rc8 22. O-O Qxc5 23. Qxc5 Rxc5 24. f4 d5 25. e3 Rc2 26. Bf3 Rd2 27. Ra1
g6 28. Ra4 Kg7 29. Kf1 Ne8 30. Ra6 Rb2 31. Kg2 Rb5 32. Kg3 Kf6 33. Kg2 Ng7 34.
Be2 Rb2 35. Bd3 Rd2 36. Ra3 Ne8 37. Kf3 Nd6 38. Ra6 Ke7 39. Ra7+ Kf8 40. Ra8+
Kg7 41. Ra3 Ne8 42. Ra8 Nf6 43. Ra3 Nd7 44. Rc3 e5 45. Bb5 Nf6 46. Rc7 Ne4 47.
Be2 g5 48. fxg5 Nxg5+ 49. Kg4 Ne6 0-1

[Event "Druzynowe Mistrzostwa Polski - II liga"]
[Site "Dom Wczasowy VIS Jastrzebia Gora"]
[Date "1899-12-30"]
[Round "8.14"]
[White "Skomial, Mateusz"]
[Black "Rudnicki, Milosz"]
[Result "1/2-1/2"]
[WhiteTitle "I++"]
[BlackTitle "k"]
[WhiteElo "2090"]
[BlackElo "2200"]

1. e4 c5 2. Nf3 g6 3. c4 Nc6 4. d4 cxd4 5. Nxd4 Nf6 6. Nc3 d6 7. Be2 Nxd4 8. Qxd4
Bg7 9. Bg5 O-O 10. O-O Be6 11. Qd2 Qa5 12. Rac1 Rfc8 13. b3 a6 14. Rfd1 b5 15.
Bxf6 Bxf6 16. Nd5 Qxd2 17. Nxf6+ Kg7 18. Ne8+ Kf8 19. Rxd2 Kxe8 20. Rdc2 bxc4
21. Bxc4 Bxc4 22. Rxc4 Rxc4 23. Rxc4 Kd7 24. Kf1 Rb8 25. Ke2 1/2-1/2

[Event "Druzynowe Mistrzostwa Polski - II liga"]
[Site "Dom Wczasowy VIS Jastrzebia Gora"]
[Date "1899-12-30"]
[Round "8.15"]
[White "Wacior, Maciej"]
[Black "Kulesza, Andrzej"]
[Result "1-0"]
[WhiteTitle "k"]
[BlackTitle "I++"]
[WhiteElo "2151"]
[BlackElo "2014"]

1. d4 Nf6 2. Nf3 e6 3. Bf4 b6 4. e3 Bb7 5. Be2 Be7 6. c3 d6 7. h3 Nbd7 8. Nbd2
Ne4 9. Nxe4 Bxe4 10. Nd2 Bb7 11. Bf3 d5 12. O-O O-O 13. a4 c5 14. a5 Ba6 15. Be2
Bxe2 16. Qxe2 c4 17. b3 b5 18. bxc4 bxc4 19. Rfb1 Nb8 20. Qf3 Na6 21. Qg3 Re8
22. e4 Qd7 23. h4 h5 24. Qf3 g6 25. g3 Qc6 26. Be5 Nb8 27. g4 hxg4 28. Qxg4 Nd7
29. h5 Nxe5 30. dxe5 g5 31. Nf3 Kh8 32. Nd4 Qc7 33. exd5 Qxe5 34. dxe6 Bd6 35.
exf7 Qh2+ 36. Kf1 Re7 37. Qf3 Rxf7 38. Qxa8+ Rf8 39. Qg2 Qxh5 40. Rb5 Qh4 41.
Nf5 1-0

[Event "Druzynowe Mistrzostwa Polski - II liga"]
[Site "Dom Wczasowy VIS Jastrzebia Gora"]
[Date "1899-12-30"]
[Round "8.16"]
[White "Marciniak, Leonard"]
[Black "Gosciniak, Tomasz"]
[Result "1-0"]
[WhiteTitle "I+"]
[BlackTitle "I"]
[WhiteElo "1811"]
[BlackElo "1936"]

1. d4 Nf6 2. c4 d5 3. Nf3 dxc4 4. Qa4+ c6 5. Qxc4 Bf5 6. g3 e6 7. Bg2 Nbd7 8. Nc3
Be7 9. O-O O-O 10. Re1 Ne4 11. e3 Rc8 12. Nd2 Nxd2 13. Bxd2 Bg6 14. Ne4 c5 15.
Bc3 Bxe4 16. Bxe4 cxd4 17. Qxd4 Bf6 18. Qxa7 Bxc3 19. bxc3 Nc5 20. Bg2 Qc7 21.
Reb1 Rfd8 22. Qa3 b6 23. Rd1 g6 24. c4 Rxd1+ 25. Rxd1 Nd7 26. Qd6 Ne5 27. Qxc7
Rxc7 28. Bf1 Rc6 29. Rc1 b5 30. c5 Nd7 31. Bxb5 Rxc5 32. Rxc5 Nxc5 33. a4 Nb7
34. Kf1 Kf8 35. Ke2 Ke7 36. Kd3 Kd6 37. Kc4 Kc7 38. Kd4 Kd6 39. f4 f6 40. Bd3
Nc5 41. Bc2 e5+ 42. fxe5+ fxe5+ 43. Kc4 Kc6 44. h4 Ne6 45. Be4+ Kd6 46. Kb5 Nc5
47. Ba8 Ne6 48. Kb6 Nc5 49. Bc6 h6 50. a5 g5 51. hxg5 hxg5 52. Be8 Kd5 53. Bf7+
Kd6 54. Be8 Kd5 55. Bc6+ Kc4 56. a6 Nxa6 57. Kxa6 Kd3 58. e4 Ke3 59. Kb5 Kf3 60.
Kc4 Kxg3 61. Kd5 Kf4 62. Bd7 g4 63. Bxg4 Kxg4 64. Kxe5 Kg5 65. Ke6 Kg6 66. e5
Kg5 67. Kf7 1-0

[Event "Druzynowe Mistrzostwa Polski - II liga"]
[Site "Dom Wczasowy VIS Jastrzebia Gora"]
[Date "1899-12-30"]
[Round "8.17"]
[White "Gosciniak, Maria"]
[Black "Budkiewicz, Magdalena"]
[Result "1-0"]
[WhiteTitle "WFM"]
[BlackTitle "k+"]
[WhiteElo "2094"]
[BlackElo "1786"]

1. e4 e5 2. Nc3 Nf6 3. g3 Bc5 4. Bg2 d6 5. Nge2 a6 6. O-O Nc6 7. d3 O-O 8. Nd5
Nxd5 9. exd5 Nd4 10. Nxd4 Bxd4 11. c3 Bb6 12. d4 Bf5 13. Be3 Re8 14. a4 a5 15.
h3 exd4 16. cxd4 Qf6 17. Ra3 Be4 18. Qg4 h5 19. Qxh5 Bxd4 20. Bxd4 Qxd4 21. Qd1
Qxb2 22. Rb3 Qa2 23. Rxb7 Bxg2 24. Kxg2 Re5 25. Rxc7 Rxd5 26. Qf3 Rf8 27. Ra7
Rc5 28. Rd1 d5 29. Rd4 Rc1 30. Qxd5 Qe2 31. Rd7 Qf1+ 32. Kf3 Rc3+ 33. Rd3 Rxd3+
34. Qxd3 Qxh3 35. Rd8 Qh5+ 36. Kg2 Qg5 37. Rd5 Qf6 38. Rxa5 Rd8 39. Qe4 Qb6 40.
Ra8 Kf8 41. a5 Qc7 42. a6 Rxa8 43. Qxa8+ Ke7 44. a7 Kd7 45. Qd5+ 1-0

[Event "Druzynowe Mistrzostwa Polski - II liga"]
[Site "Dom Wczasowy VIS Jastrzebia Gora"]
[Date "1899-12-30"]
[Round "8.19"]
[White "Maciejczak, Jakub"]
[Black "Kolodziejski, Piotr"]
[Result "1-0"]
[WhiteTitle "FM"]
[BlackTitle "k"]
[WhiteElo "2374"]
[BlackElo "2057"]

1. e4 c5 2. Nc3 a6 3. a4 Nc6 4. g3 e6 5. Bg2 d6 6. d3 g6 7. f4 Nge7 8. Nf3 Bg7
9. O-O O-O 10. Be3 f5 11. Qd2 Qa5 12. Rfe1 Bd7 13. Qf2 Bc8 14. Qd2 Bd7 15. Qf2
Rae8 16. e5 1-0

[Event "Druzynowe Mistrzostwa Polski - II liga"]
[Site "Dom Wczasowy VIS Jastrzebia Gora"]
[Date "1899-12-30"]
[Round "8.20"]
[White "Kejna, Piotr"]
[Black "Malovanyi, Yulian"]
[Result "0-1"]
[WhiteTitle "CM"]
[BlackTitle "FM"]
[WhiteElo "1965"]
[BlackElo "2310"]

1. e4 d6 2. d4 g6 3. Nc3 Bg7 4. Bg5 c6 5. Qd2 b5 6. f4 Nf6 7. Bd3 a5 8. Nf3 b4
9. Ne2 Ba6 10. O-O d5 11. Bxf6 exf6 12. e5 O-O 13. a3 0-1

[Event "Druzynowe Mistrzostwa Polski - II liga"]
[Site "Dom Wczasowy VIS Jastrzebia Gora"]
[Date "1899-12-30"]
[Round "8.21"]
[White "Janaszak, Dawid"]
[Black "Kowalak, Piotr"]
[Result "1-0"]
[WhiteTitle "FM"]
[BlackTitle "k"]
[WhiteElo "2331"]
[BlackElo "2029"]

1. d4 Nf6 2. Bf4 g6 3. Nf3 b6 4. e3 Bb7 5. Nbd2 Bg7 6. h3 O-O 7. a4 a5 8. Bh2 d5
9. Bd3 c5 10. c3 Nc6 11. O-O Nd7 12. Bb5 Na7 13. Be2 Nc6 14. Qb3 Ra7 15. Bb5 Ba8
16. Rfe1 e5 17. Bxc6 Bxc6 18. Nxe5 Nxe5 19. Bxe5 Bxe5 20. dxe5 Re8 21. f4 Rd7
22. Rac1 Re6 23. Rcd1 Kg7 24. Qc2 Kg8 25. Qb3 Kg7 26. Qc2 1-0

[Event "Druzynowe Mistrzostwa Polski - II liga"]
[Site "Dom Wczasowy VIS Jastrzebia Gora"]
[Date "1899-12-30"]
[Round "8.22"]
[White "Komendecki, Antoni"]
[Black "Dudzinski, Pawel"]
[Result "0-1"]
[WhiteTitle "I++"]
[BlackTitle "FM"]
[WhiteElo "1768"]
[BlackElo "2198"]

1. c4 e5 2. Nc3 Nc6 3. g3 g6 4. Bg2 Bg7 5. Rb1 d6 6. b4 a6 7. a4 f5 8. b5 axb5
9. axb5 Nce7 10. e3 Nf6 11. Nge2 d5 12. cxd5 Nexd5 13. Nxd5 Nxd5 14. d3 Be6 15.
Qc2 O-O 16. O-O Qd7 17. Bd2 Rfc8 18. e4 fxe4 19. dxe4 Nb6 0-1

[Event "Druzynowe Mistrzostwa Polski - II liga"]
[Site "Dom Wczasowy VIS Jastrzebia Gora"]
[Date "1899-12-30"]
[Round "8.23"]
[White "Andrejczuk, Beata"]
[Black "Dmochowska, Agnieszka"]
[Result "1-0"]
[WhiteTitle "WFM"]
[BlackTitle "WFM"]
[WhiteElo "2016"]
[BlackElo "1967"]

1. c4 Nf6 2. g3 e6 3. Bg2 d5 4. Nf3 Be7 5. O-O O-O 6. d3 c5 7. Bf4 Nc6 8. a3 Nh5
9. Bd2 f5 10. Qc1 d4 11. Bg5 e5 12. Bxe7 Qxe7 13. Qg5 Qf7 14. b4 h6 15. Qc1 Qf6
16. bxc5 e4 17. Ne1 Ne5 18. dxe4 d3 19. exd3 fxe4 20. dxe4 Nf3+ 21. Bxf3 Qxa1
22. Bxh5 Bh3 23. Ng2 Qe5 24. Qd1 Rad8 25. Qe2 Rd4 26. Re1 Bxg2 27. Kxg2 Qxc5 28.
Nd2 Qxa3 29. Nf3 Rd6 30. e5 Re6 31. Nd4 Re7 32. e6 Rf6 33. Bf7+ Kh7 34. Qc2+ g6
35. Re4 Qc5 36. Rg4 Qh5 37. h3 a5 38. Qd2 a4 39. Rh4 Qxh4 40. gxh4 a3 41. Qa2
1-0

[Event "Druzynowe Mistrzostwa Polski - II liga"]
[Site "Dom Wczasowy VIS Jastrzebia Gora"]
[Date "1899-12-30"]
[Round "8.25"]
[White "Bilczewski, Kacper"]
[Black "Borgula, Rafal"]
[Result "1/2-1/2"]
[WhiteTitle "k+"]
[BlackTitle "FM"]
[WhiteElo "2103"]
[BlackElo "2201"]

1. e4 e6 2. d4 d5 3. Nc3 dxe4 4. Nxe4 Bd7 5. Nf3 Bc6 6. Bd3 Nd7 7. c3 Ngf6 8. Nxf6+
Nxf6 9. O-O Bxf3 10. Qxf3 c6 11. Bf4 Bd6 12. Bg5 Be7 13. Rfe1 Qd5 14. Qxd5 Nxd5
15. Bd2 O-O 16. Rad1 Rfd8 17. Be4 Bf6 18. Bc1 Nb6 19. Rd3 Rd7 20. Rh3 g6 21. Rf3
Bg7 22. Rd3 Bf6 23. Rf3 Bg7 1/2-1/2

[Event "Druzynowe Mistrzostwa Polski - II liga"]
[Site "Dom Wczasowy VIS Jastrzebia Gora"]
[Date "1899-12-30"]
[Round "8.26"]
[White "Paprocki, Jaroslaw"]
[Black "Samborski, Henryk"]
[Result "1-0"]
[WhiteTitle "k++"]
[BlackTitle "k"]
[WhiteElo "2170"]
[BlackElo "2021"]

1. e4 c5 2. Nf3 d6 3. d4 cxd4 4. Nxd4 Nf6 5. Nc3 a6 6. Be2 e5 7. Nb3 Be7 8. Be3
Be6 9. Nd5 Bxd5 10. exd5 O-O 11. c4 a5 12. O-O a4 13. Nd2 Nfd7 14. f3 f5 15. Kh1
1-0

[Event "Druzynowe Mistrzostwa Polski - II liga"]
[Site "Dom Wczasowy VIS Jastrzebia Gora"]
[Date "1899-12-30"]
[Round "8.27"]
[White "Radecki, Adam"]
[Black "Popiol, Michal"]
[Result "0-1"]
[WhiteTitle "I+"]
[BlackTitle "CM"]
[WhiteElo "1989"]
[BlackElo "2183"]

1. e4 c5 2. d3 Nc6 3. g3 g6 4. Bg2 Bg7 5. f4 d6 6. Nf3 e6 7. O-O Nge7 8. Nbd2 O-O
9. c3 b5 10. Qc2 Rb8 11. Nh4 f5 12. exf5 exf5 13. Nhf3 h6 14. Re1 Kh7 15. Nf1
b4 0-1

[Event "Druzynowe Mistrzostwa Polski - II liga"]
[Site "Dom Wczasowy VIS Jastrzebia Gora"]
[Date "1899-12-30"]
[Round "8.28"]
[White "Wolanski, Michal"]
[Black "Kubik, Rafal"]
[Result "1/2-1/2"]
[WhiteTitle "I++"]
[BlackTitle "I++"]
[WhiteElo "1918"]
[BlackElo "2023"]

1. c4 Nf6 2. g3 c6 3. Nf3 d5 4. Bg2 g6 5. O-O Bg7 6. b3 O-O 7. Bb2 dxc4 8. bxc4
c5 9. Nc3 Nc6 10. d3 Nd4 11. Nxd4 cxd4 12. Nb5 Ne8 13. a4 a6 14. Na3 Rb8 15. Rb1
Bd7 16. Bc1 Bc6 17. Qb3 Nc7 18. Bd2 Ne6 19. Bc1 Nc7 20. Bd2 Ne6 1/2-1/2

[Event "Druzynowe Mistrzostwa Polski - II liga"]
[Site "Dom Wczasowy VIS Jastrzebia Gora"]
[Date "1899-12-30"]
[Round "8.29"]
[White "Stebel, Agata"]
[Black "Paprocka, Renata"]
[Result "1-0"]
[WhiteTitle "k"]
[BlackTitle "WFM"]
[WhiteElo "1885"]
[BlackElo "1869"]

1. e4 c5 2. Nc3 d6 3. d4 cxd4 4. Qxd4 Nc6 5. Qd2 Nf6 6. b3 e6 7. Bb2 Be7 8. O-O-O
O-O 9. f4 a6 10. Nf3 b5 11. Bd3 1-0

[Event "Druzynowe Mistrzostwa Polski - II liga"]
[Site "Dom Wczasowy VIS Jastrzebia Gora"]
[Date "1899-12-30"]
[Round "8.30"]
[White "Golenia, Wojciech"]
[Black "Marczuk, Dominik"]
[Result "1-0"]
[WhiteTitle "k+"]
[BlackTitle "FM"]
[WhiteElo "2175"]
[BlackElo "2281"]

1. e4 c5 2. Nf3 Nc6 3. d4 cxd4 4. Nxd4 g6 5. c4 Bg7 6. Be3 Nf6 7. Nc3 O-O 8. Be2
d6 9. f3 Nxd4 10. Bxd4 Be6 11. O-O Qa5 12. Rc1 Rfc8 13. b3 Nd7 14. Bxg7 Kxg7 15.
f4 Nf6 16. g4 g5 17. f5 Bd7 18. Qd2 h6 19. Kg2 Bc6 20. Bf3 Nd7 21. h4 f6 22. Rh1
Ne5 23. Rh3 a6 24. Rch1 Rh8 25. Kf1 Rag8 26. Bd1 b5 27. Qe3 Qc7 28. Be2 Qb7 29.
cxb5 axb5 30. b4 Nf7 31. Bd1 Ra8 32. Bb3 Ne5 33. Qe2 Qb6 34. hxg5 fxg5 35. Qd2
Nxg4 36. Rg3 Ne5 37. Rxg5+ Kf8 38. Rxh6 Rxh6 39. Rg8# 1-0

[Event "Druzynowe Mistrzostwa Polski - II liga"]
[Site "Dom Wczasowy VIS Jastrzebia Gora"]
[Date "1899-12-30"]
[Round "8.31"]
[White "Chmiel, Marcin"]
[Black "Golenia, Jan"]
[Result "0-1"]
[WhiteTitle "k+"]
[BlackTitle "k"]
[WhiteElo "2188"]
[BlackElo "2113"]

1. d4 Nf6 2. c4 e6 3. Nf3 b6 4. g3 Ba6 5. b3 Bb4+ 6. Bd2 Be7 7. Nc3 d5 8. cxd5
exd5 9. Bg2 O-O 10. O-O Bb7 11. a3 Nbd7 12. b4 a6 13. Qb3 Ra7 14. b5 axb5 15.
Nxb5 Ra6 16. Bf4 Ne8 17. Nc3 Qa8 18. a4 c6 19. Bh3 Ndf6 20. Rab1 Nd6 21. Ne5 Bc8
22. Bxc8 Rxc8 23. Rfd1 h6 24. f3 Qa7 25. Rbc1 g5 26. Be3 Nd7 27. Nxc6 Rxc6 28.
Nxd5 Nb8 29. Rxc6 Nxc6 30. Rc1 Na5 31. Qa2 Nac4 32. Rxc4 Nxc4 33. Qxc4 Bd8 34.
Qc6 Kg7 35. Qd6 Qa8 36. Qe5+ f6 37. Qd6 Qc8 38. Nb4 Rxa4 39. g4 Qc7 40. Qxc7+
Bxc7 41. Nd5 Bd8 42. Kf2 Kf7 43. Ke1 b5 44. Bd2 Rxd4 45. e4 Ra4 46. Kd1 Ba5 47.
Be3 Ra1+ 48. Ke2 b4 49. Bd4 Ra2+ 50. Kd3 b3 51. Bc3 Bxc3 52. Kxc3 Rxh2 53. Kxb3
Rh3 54. Kc4 Rxf3 55. Kd4 Rg3 56. Ne3 Ke6 57. Nf5 Rxg4 58. Nxh6 Rh4 59. Nf5 Rh7
60. Ne3 Rd7+ 0-1

[Event "Druzynowe Mistrzostwa Polski - II liga"]
[Site "Dom Wczasowy VIS Jastrzebia Gora"]
[Date "1899-12-30"]
[Round "8.32"]
[White "Krawczyk, Wojciech"]
[Black "Gbyl, Andrzej"]
[Result "1/2-1/2"]
[WhiteTitle "I++"]
[BlackTitle "k+"]
[WhiteElo "1973"]
[BlackElo "2144"]

1. e4 c6 2. d4 d5 3. Nc3 dxe4 4. Nxe4 Bf5 5. Ng3 Bg6 6. Nh3 e6 7. Nf4 Bd6 8. Ngh5
Bxh5 9. Nxh5 g6 10. Ng3 Nf6 11. c3 Nbd7 12. Bg5 h6 13. Bd2 Qc7 14. Be2 h5 15.
Qc2 Bf4 16. Nf1 Bxd2+ 17. Nxd2 Nd5 18. O-O-O O-O-O 19. Bf3 Kb8 20. Kb1 Ne7 21.
Nc4 Nf5 22. g3 h4 23. Qe4 Nd6 24. Nxd6 Qxd6 25. Qg4 Qe7 26. Qf4+ Ka8 27. Rhe1
Qf6 28. Re4 g5 29. Qxf6 Nxf6 30. Re5 hxg3 31. hxg3 g4 32. Be4 Rh2 33. Rd2 Kb8
34. Kc2 Kc7 35. b4 Rdh8 36. c4 R8h5 37. Rxh5 Rxh5 38. Bd3 Rh2 39. a4 Kd6 40. a5
a6 41. Kd1 Nh7 42. Ke2 Ng5 43. Rd1 Nh3 44. Rf1 f5 45. Ke3 Ng5 46. Rb1 Nh3 47.
Rb2 f4+ 48. gxf4 g3 49. Bf1 Nxf2 50. Rb1 g2 51. Bxg2 Rxg2 52. Kf3 Rh2 53. Kg3
Rh3+ 54. Kxf2 Rd3 55. b5 Rxd4 56. Ke3 Rxc4 57. bxa6 bxa6 58. Rb6 Ra4 59. Rxa6
Kc5 60. Ke4 1/2-1/2